000 00425nam a2200181Ia 4500
003 OSt
005 20260212091036.0
008 210210b1902 xxu||||| |||| 00| 0 eng d
040 _cAL
041 _aeng
082 _a823/19
100 _aWilliam Shakespeare
_969390
245 _aAs you like it
260 _aLondon
_bMacmillan & Co. Ltd.
_c1902
690 _aEnglish Drama
_969391
906 _a013571
942 _2ddc
_cBK
999 _c132452
_d132452